000 00911 a2200229 4500
999 _c22685
_d22685
003 OSt
005 20230809092525.0
008 230807b ||||| |||| 00| 0 eng d
040 _aMunicipalidad Provincial del Cusco
_cBiblioteca Municipal del Cusco
_bspa
082 _aR / Votreagglo Nº 119
_bMars 2023
100 _aGorges, Jean-Pierre
_ePrésident de Chartres métropole
_948874
245 _aVotre Agglo /
_bLe magazine de Chartres métropole
260 _aCompiègne :
_bGroupe Morault
_cMarzo-2023
300 _a88 páginas;
_bil. col., diagrs. ;
_c27 cm.
440 _aVotre agglo
_n# 119 MARS 2023
_948875
505 _aBus a haut niveau de service tel un métro sur pneus…
650 0 _91444
_aFrancia
650 0 _aMetrópoli de Chartres
_948873
773 0 _tVotre Agglo /
_x2114-5547
_dCompiègne : Groupe Morault Febrero-2023
_aGorges, Jean-Pierre
942 _2ddc
_cREV
945 _avcp
_d2023-08-07